000 00284nam a22001337a 4500
008 170630b xxu||||| |||| 00| 0 eng d
020 _ax000agikbb
041 _aeng
080 _a821
100 _a22
101 _aGJL
245 _aIRISH LITERATURE
_cMURPHY, M.O
942 _2udc
_cBK
999 _c19699
_d19699